El juguete rabioso /

Silvio Astier, el protagonista de El juguete rabioso, es un granuja adolescente cuyo sueño es convertirse en un gran bandido como Rocambole y un poeta como Baudelaire, para huir de la miseria de los barrios más bajos del Buenos Aires más sórdido. Convencido de que el trabajo sólo humilla al hombre,...

Full description

Bibliographic Details
Main Author: Arlt, Roberto 1900-1942
Format: Libro
Language:Spanish
Published: Buenos Aires Losada 2004
Edition:1a. ed. 17a. reimp.
Series:Narrativa 31
Subjects:
Online Access:

MARC

LEADER 00000cam a2200000 a 4500
001 025656
003 UAHC_CL
005 20170803122539.0
008 080711s2004 ag 000 1 spa
020 |a 9500306050 
040 |a UAHC_CL  |c UAHC_CL  |d UAHC_CL 
082 0 4 |a Ar863  |b A725  |2 21 
100 1 |a Arlt, Roberto  |d 1900-1942 
245 1 3 |a El juguete rabioso /  |c Roberto Arlt. 
250 |a 1a. ed. 17a. reimp. 
260 |b Losada  |a Buenos Aires  |c 2004 
300 |a 189 p. 
490 0 |a Narrativa  |v 31 
520 |a Silvio Astier, el protagonista de El juguete rabioso, es un granuja adolescente cuyo sueño es convertirse en un gran bandido como Rocambole y un poeta como Baudelaire, para huir de la miseria de los barrios más bajos del Buenos Aires más sórdido. Convencido de que el trabajo sólo humilla al hombre, hará incursiones como ratero, conocerá el lado más rastrero de un mundo de supervivientes, perderá la oportunidad de escapar a la suerte reservada a los desheredados, e intentará redimirse a través de la traición. El juguete rabioso, primera novela de Roberto Arlt, creador de la novela contemporánea argentina, es una historia iniciática en la que ya se reflejan, a través de un estilo expresionista de sorprendentes y originales giros, las obsesiones de este creador: una despiadada lucidez para penetrar el lado más oscuro del ser humano, para mostrar la cara más amarga de la existencia encarnada en personajes solitarios y orillados, que, como arriesgados funambulistas, andan siempre en la cuerda floja -con toda la humanidad del antihéroe trágico- para sorprendernos cayendo siempre del lado más imprevisible. 
650 4 |a NOVELAS ARGENTINAS 
900 |a Ar863 ARLJ 
942 |c BK 
952 |0 0  |1 0  |4 0  |6 AR_863_000000000000000_ARLJ  |7 0  |8 General  |9 52061  |a BC  |b BC  |c General  |d 2017-08-03  |l 0  |o Ar863 ARLJ  |p 1364357  |r 2025-11-26 00:00:00  |t 1  |w 2017-08-03  |y BK 
952 |0 0  |1 0  |4 0  |6 AR_863_000000000000000_ARLJ  |7 0  |8 General  |9 52062  |a BC  |b BC  |c General  |d 2017-08-03  |l 0  |o Ar863 ARLJ  |p 1364358  |r 2025-11-26 00:00:00  |t 2  |w 2017-08-03  |y BK 
952 |0 0  |1 0  |4 0  |6 AR_863_000000000000000_ARLJ  |7 0  |8 COMP  |9 52063  |a BS  |b BS  |c General  |d 2017-08-03  |l 1  |m 1  |o Ar863 ARLJ  |p 1367358  |r 2025-11-26 00:00:00  |s 2018-08-22  |t 1  |w 2017-08-03  |y BKL 
999 |c 25656  |d 25656